| 000 | 00394nam a22001697a 4500 | ||
|---|---|---|---|
| 003 | OSt | ||
| 008 | 220610b ||||| |||| 00| 0 eng d | ||
| 020 | _a9788187522034 | ||
| 082 | _a005.133 PAE | ||
| 100 | _aPATEL, R.B. | ||
| 245 | _aExpert Data Structures With C++ | ||
| 250 | _a2nd | ||
| 260 |
_aNew Delhi _bKhanna Publication _c2021 |
||
| 300 | _a752 | ||
| 650 | _aCSE | ||
| 942 |
_2ddc _cBK |
||
| 999 |
_c11297 _d11297 |
||